| 000 | 00588nam a2200217 u 4500 | ||
|---|---|---|---|
| 005 | 20230602063614.0 | ||
| 008 | 170905s2005 r 000 0 eng d | ||
| 020 | _a9703223737 | ||
| 035 | _aUPN01000220249 | ||
| 049 | _aF | ||
| 050 | 4 |
_aPQ7297 A9 _bJ8.7 |
|
| 100 | 1 |
_aAzuela, Mariano, _d1873-1952 |
|
| 245 | 1 | 3 |
_aEl jurado / _cMariano Azuela. |
| 260 |
_aMéxico : _bUNAM, _c2005. |
||
| 300 |
_a31 p. : _bil. |
||
| 440 | 0 |
_aLunes ; _v11 |
|
| 500 | _aEdición facsimilar de la primera edición de 1945 | ||
| 650 | 4 |
_aCuentos mexicanos _96937 |
|
| 905 | _aLibro | ||
| 999 |
_c192348 _d192348 |
||